Statystyki dla Wszystkie państwa współczesne kontrolowane przez Polaków

Kliknij tutaj aby rozwiązać quiz!

Ogólne statystyki

  • Ten quiz został rozwiązany 848 razy
    (792 od ostatniego zresetowania)
  • Średni wynik to 21 z 24

Odpowiedzi na mapie

Odpowiedzi skodowane kolorowo w zielono-czerwonej skali na mapie do tego quizu, zgodnie z poniższymi procentami.
 

Statystyki odpowiedzi

Państwo% Poprawnych
Czechy
99%
Niemcy
99%
Polska
99%
Ukraina
99%
Białoruś
98%
Estonia
98%
Litwa
98%
Łotwa
98%
Rosja
98%
Słowacja
98%
Chorwacja
97%
Węgry
97%
Austria
96%
Mołdawia
96%
Rumunia
96%
Bośnia i Hercegowina
94%
Serbia
94%
Słowenia
94%
Madagaskar
86%
Trynidad i Tobago
64%
Gambia
60%
Kamerun
58%
Chiny
54%
Senegal
40%

Rozkład punktacji

Percentyl według liczby udzielonych odpowiedzi

Procent ludzi z każdym wynikiem

Twoja historia wyników

Nie rozwiązałeś tego quizu od ostatniego zresetowania